Music Quiz

Random Music or Lyrics Quiz

'As Time Goes By' Lyrics Quiz Stats

 Plays Quiz Updated Jul 14, 2015

Score 0/108 Timer 05:00
1 Play Today
% Correct
a
97%
a
97%
A
97%
a
97%
A
97%
A
97%
as
89.6%
as
89.6%
as
89.6%
time
89.2%
time
89.2%
time
89.2%
by.
89%
by.
89%
by.
89%
goes
88.8%
goes
88.8%
goes
88.8%
'I
85.6%
You
81.5%
you.'
81.5%
you
81.5%
The
78.2%
the
78.2%
the
78.2%
The
78.2%
is
76.5%
is
76.5%
love
72.7%
love
72.7%
love
72.7%
And
69.6%
and
69.6%
and
69.6%
and
69.6%
and
69.6%
% Correct
just
68.1%
kiss
68%
kiss.
68%
this:
67.7%
must
65.2%
must
65.2%
remember
64.4%
say:
60.5%
when
60.3%
On
60.3%
can
59.3%
can
59.3%
still
58.7%
still
58.7%
still
58.7%
sigh
57.2%
sigh.
57.2%
they
55.8%
that
53.3%
That
53.3%
of
53%
of
53%
of
53%
lovers
52.5%
lovers,
52.5%
two
51.2%
things
51.1%
will
50.4%
fundamental
49%
No
48%
no
48%
do
47.8%
for
47.6%
apply,
45.8%
rely.
44.7%
world
42.7%
% Correct
woo,
41.8%
always
40.9%
or
40.5%
It's
40.3%
are
39.8%
what
38.6%
one
38.1%
have
37.7%
same
37.2%
old
36%
story.
35.1%
glory.
35%
man
34.9%
man
34.9%
die.
34.4%
welcome
32.9%
Woman
32.5%
deny.
32%
his
31.5%
never
31.2%
matter
30.5%
fight
30.1%
case
29.4%
out
28.2%
needs
27.7%
mate.
27.2%
hate.
27%
songs
25.9%
future
24.7%
jealousy
24.4%
Moonlight
24.3%
brings,
24.2%
date.
23.9%
Hearts
23.4%
full
22.9%
passion
22%

You're not logged in!

Compare scores with friends on all Sporcle quizzes.
OR
Log In

Sporcle TV

Today on Sporcle TV


Watch our educational content, quiz creation guides, and fun videos on Sporcle TV.

Show Comments

Extras

Top Quizzes Today


Score Distribution

Your Account Isn't Verified!

In order to create a playlist on Sporcle, you need to verify the email address you used during registration. Go to your Sporcle Settings to finish the process.

Report this User

Report this user for behavior that violates our Community Guidelines.

Details: